South America- capitals - Statistics

General Stats
  • This quiz has been taken 19 times
    18 since last reset
  • The average score is 11 of 12
Answer Stats
Country Answer % Correct
Brazil Brasilia
100%
Argentina Buenos Aires
100%
Peru Lima
93%
Uruguay Montevideo
93%
Bolivia Sucre, La Paz
93%
Paraguay Asunción
86%
Colombia Bogota
86%
Venezuela Caracas
86%
Ecuador Quito
86%
Chile Santiago
86%
Guyana Georgetown
79%
Suriname Paramaribo
71%
No matching quizzes found
Score Distribution
Percent of People with Each Score
Percentile by Number Answered
Your Score History
You have not taken this quiz since the last reset